Billy Talent: Albums by Cover - Statistics

General Stats
  • This quiz has been taken 20 times
  • The average score is 4 of 6
Answer Stats
Picture Hint Answer % Correct
2003 Billy Talent
100%
2006 Billy Talent II
100%
2009 Billy Talent III
100%
2016 Afraid of Heights
46%
2022 Crisis of Faith
38%
2012 Dead Silence
38%
No matching quizzes found
Score Distribution
Percent of People with Each Score
Percentile by Number Answered
Your Score History
You have not taken this quiz